Modelovanie parnej turbíny
Saved in:
| Main Author: | |
|---|---|
| Other Authors: | |
| Format: | Manuscript Book |
| Language: | Slovak |
| Published: |
Bratislava :
STU v Bratislave FEI,
2022
|
| Subjects: | |
| Online Access: | https://opac.crzp.sk/?fn=detailBiblioFormChildM10PEG&sid=85CE14C1EED0152B7936DD9735B2&seo=CRZP-detail-kniha |
| Tags: |
No Tags, Be the first to tag this record!
|
MARC
| LEADER | 00000ntm a22000003a 4500 | ||
|---|---|---|---|
| 001 | stuzp87068 | ||
| 003 | SK-STU | ||
| 005 | 20230320112341.0 | ||
| 007 | ta | ||
| 008 | 150427s2015----xo-----f-mn---000-0-slo-d | ||
| 040 | |a STU |b slo | ||
| 041 | 0 | |a slo | |
| 044 | |a xo | ||
| 100 | 1 | |a Vido, Mário |u 031000 |4 aut |U FEI Fakulta elektrotechniky a informatiky |T FEI Ústav robotiky a kybernetiky |X 104282 |U E011 |Y 356 |7 104282 | |
| 242 | 0 | 1 | |a Steam Turbine Model |y eng |
| 245 | 1 | 0 | |a Modelovanie parnej turbíny |
| 260 | |a Bratislava : |b STU v Bratislave FEI, |c 2022 | ||
| 300 | |a 53 s., príl. | ||
| 650 | 4 | |a Matlab |2 slo | |
| 650 | 4 | |a IEEEG1 |2 slo | |
| 650 | 4 | |a Simulink |2 slo | |
| 650 | 4 | |a LCBF1 |2 slo | |
| 650 | 4 | |a párna turbína |2 slo | |
| 650 | 4 | |a regulátor |2 slo | |
| 650 | 4 | |a Simulink |2 eng | |
| 650 | 4 | |a IEEEG1 |2 eng | |
| 650 | 4 | |a LCBF1 |2 eng | |
| 650 | 4 | |a Steam turbine |2 eng | |
| 650 | 4 | |a controller |2 eng | |
| 650 | 4 | |a Matlab |2 eng | |
| 700 | 1 | |a Ernek, Martin |u 031000 |k Z1 |4 ths |U FEI Fakulta elektrotechniky a informatiky |T FEI Ústav robotiky a kybernetiky |X 11034 |U E011 |Y 356 |7 A000011034 | |
| 856 | 4 | |u https://opac.crzp.sk/?fn=detailBiblioFormChildM10PEG&sid=85CE14C1EED0152B7936DD9735B2&seo=CRZP-detail-kniha | |